| 000 | 00446nam a2200157 a 4500 | ||
|---|---|---|---|
| 001 | 000009341 | ||
| 005 | 20200929161547.0 | ||
| 008 | 090929s1972 dr 000 0 spa d | ||
| 040 |
_aDO-SdBNP _bspa _cBNPHU |
||
| 082 |
_axxxx _bS211e |
||
| 100 | 1 |
_aSánchez, Laudiseo A. _924106 |
|
| 245 | 1 | 0 |
_aEnciclopedia literaria / _cLaudiseo A. Sánchez. |
| 260 |
_aSanto Domingo : _bCultural Dominicana, _c1972. |
||
| 300 |
_a173 p. ; _c20 cm. |
||
| 049 | _aBNPD | ||
| 999 |
_c9101 _d9101 |
||